Dynamic social research / (Record no. 34204)
[ view plain ]
| 000 -LEADER | |
|---|---|
| fixed length control field | 00924nam a2200265 a 4500 |
| 001 - CONTROL NUMBER | |
| control field | 34204 |
| 003 - CONTROL NUMBER IDENTIFIER | |
| rucl marc code | BD-RjUL |
| 005 - DATE AND TIME OF LATEST TRANSACTION | |
| control field | 20211209052125.0 |
| 008 - FIXED-LENGTH DATA ELEMENTS--GENERAL INFORMATION | |
| fixed length control field | 140514s1933 000 0 eng u |
| 035 ## - SYSTEM CONTROL NUMBER | |
| System control number | 33-30289 |
| 040 ## - CATALOGING SOURCE | |
| Original cataloging agency | CSU |
| Language of cataloging | eng |
| Transcribing agency | UkOxU |
| Modifying agency | BD-RjUL |
| 041 ## - LANGUAGE CODE | |
| Language code of text/sound track or separate title | eng |
| 082 04 - DEWEY DECIMAL CLASSIFICATION NUMBER | |
| Classification number | 301 |
| Author mark and year | HAD 1933 |
| 100 1# - MAIN ENTRY--PERSONAL NAME | |
| Personal name | Hader, John Jay. |
| 9 (RLIN) | 103981 |
| 245 10 - TITLE STATEMENT | |
| Title | Dynamic social research / |
| Statement of responsibility, etc. | by John J. Hader and Eduard C. Lindeman |
| 260 ## - PUBLICATION, DISTRIBUTION, ETC. (IMPRINT) | |
| Place of publication, distribution, etc. | London : |
| Name of publisher, distributor, etc. | K. Paul, Trench, Trubner & co., Ltd ; |
| Place of publication, distribution, etc. | New York : |
| Name of publisher, distributor, etc. | Harcourt, Brace, |
| Date of publication, distribution, etc. | 1933. |
| 300 ## - PHYSICAL DESCRIPTION | |
| Pagination | x, 231 p : |
| Illustrations | diagrs ; |
| Size | 22 cm |
| 650 #0 - SUBJECT ADDED ENTRY--TOPICAL TERM | |
| Topical term or geographic name as entry element | Social sciences |
| General subdivision | Study and teaching |
| 9 (RLIN) | 16681 |
| Topical term or geographic name as entry element | Management |
| General subdivision | Employee participation |
| 9 (RLIN) | 103982 |
| Topical term or geographic name as entry element | Social psychology |
| 9 (RLIN) | 103983 |
| 700 1# - ADDED ENTRY--PERSONAL NAME | |
| Personal name | Lindeman, Eduard Christian, |
| Dates associated with a name | 1885- |
| 830 #0 - SERIES ADDED ENTRY--UNIFORM TITLE | |
| Uniform title | International library of psychology, philosophy, and scientific method |
| 942 ## - ADDED ENTRY ELEMENTS (KOHA) | |
| Source of classification or shelving scheme | Dewey Decimal Classification |
| Koha item type | Books |
| Lost status | Source of classification or shelving scheme | Damaged status | Not for loan | Permanent Location | Current Location | Shelving location | Date acquired | Source of acquisition | Cost, normal purchase price | Total Checkouts | Full call number | Date last seen | Copy number | Koha item type |
|---|---|---|---|---|---|---|---|---|---|---|---|---|---|---|
| Dewey Decimal Classification | Not For Loan | Central Library, University of Rajshahi | Central Library, University of Rajshahi | Reading Room | 10/09/1955 | B.H. Blackwell | 15.00 | 301 HAD 1933 | 14/05/2014 | C-1 | Books |